000 00625nam a2200241Ia 4500
003 OSt
005 20220918223527.0
006 a|||||r|||| 00| 0
007 ta
008 220917b |||||||| |||| 00| 0 eng d
024 _a223,228
037 _cTextual
040 _aARTS
_cARTS
_beng
041 _2eng
_aeng
082 _aY15(SM9xN01), P0
100 _aWright Elizabeth
_916713
245 0 _aLacan and post feminism
260 _aU.K.
_bIcon books
_c2000
300 _a75p
_ccm.
650 _aSOCIOLOGY
942 _hY15(SM9xN01), P0
_cTEXL
_2CC
999 _c278696
_d278696